| 000 | 04625nam a22004577a 4500 | ||
|---|---|---|---|
| 005 | 20080918163843.0 | ||
| 008 | 080918t xxu||||| |||| 00| 0 hin d | ||
| 010 | _aHIN-92687 B-487702-711 | ||
| 020 |
_c595.00 _a9788175660700 |
||
| 035 | _aHN-65033 B-487702-711 | ||
| 037 | _bDBAD / PUB | ||
| 037 | _bके.के.पब्लिकेशंस | ||
| 040 |
_aDPL _bHN |
||
| 082 | _a551.483 | ||
| 100 |
_9747 _aधर्मेन्द्र प्रसाद |
||
| 245 |
_aनर्मदांचल का धार्मिक एवं सांस्कृतिक इतिहास / _cधर्मेन्द्र प्रसाद |
||
| 246 |
_aNarmada ka dharmik evm Sanskritik itihas _bby Dharmender Prasad |
||
| 260 |
_aदिल्ली _bअविराम प्रकाशन _c2010 |
||
| 270 |
_a29/62, गली न. 11, पहली मंजिल, विश्वास नगर _bदिल्ली _e110032 _k09873072324 |
||
| 300 |
_a376पृ. _c22सेमी (सजिल्द) |
||
| 650 | _9697 | ||
| 650 | _9698 | ||
| 700 | _927881 | ||
| 700 | _927882 | ||
| 700 | _927883 | ||
| 942 |
_2ddc _cHN _mधर्मेन्द्र _h551.483 |
||
| 999 |
_c52382 _d52382 |
||